| 000 | 00542 a2200157 4500 | ||
|---|---|---|---|
| 999 |
_c5262 _d5262 |
||
| 020 | _a9780285631717 | ||
| 050 | _aLC 4707 LEV 2002 | ||
| 100 |
_aLevitt, Sophie _eAuthor |
||
| 245 |
_aBasic abilities: _b a whole approach : a developmental guide for children with disabilities / _cSophie Levitt |
||
| 264 |
_aLondon: _bSouvenir, _c2002 |
||
| 300 |
_a144p. : _bill. |
||
| 440 | _aHuman horizon series | ||
| 500 | _aIncludes index | ||
| 650 |
_aDevelopmentally disabled children _xCare -- Handbooks, manuals, etc. |
||
| 942 |
_2lcc _cBK _h4707 _iLEV _kLC |
||